| 000 | 00852nam a22002417a 4500 | ||
|---|---|---|---|
| 999 |
_c6014 _d6014 |
||
| 005 | 20260127081217.0 | ||
| 008 | 260127b ||||| |||| 00| 0 eng d | ||
| 020 | _a9781035015429 | ||
| 040 | _cKH8 | ||
| 082 | _a741.5 GRE | ||
| 100 |
_aGREEN.JOHN PATRICK _eAUTHOR |
||
| 245 |
_aInvestigators _bALL TIDE UP |
||
| 260 |
_aThe Smitson,6 Briset Street,London EC1M 5NR _bMacMillan Children's Books _c2024 |
||
| 300 |
_a200 pages _bColour illustration _c14cm x 21cm |
||
| 520 | _a"When a cruise captain is found drifting at sea and delirious, the search begins for his missing ship and passengers! Did it sink? Was it boat-napped? Are supernatural forces at play? -Library Thing- | ||
| 650 | _aJuvenile Fiction | ||
| 655 | _aGraphic Novels | ||
| 655 | _aComics | ||
| 655 | _aAnimals | ||
| 655 | _aAdventure | ||
| 655 | _aHumour | ||
| 942 |
_2ddc _cGN |
||